Kent, çere ve yerel yönetimler üzerine yazılar (Record no. 7464)

MARC details
000 -BAŞLIK
Sabit Uzunlukta Kontrol Alanı 00718na a2200253 4500
001 - KONTROL NUMARASI
Denetim Alanı 18572
003 - KONTROL NUMARASI IDENTIFIER
Denetim Alanı MIRAKIL
005 - SON İŞLEM TARİHİ VE ZAMANI
Denetim Alanı 20181213155139.0
008 - SABİT-BOY VERİ ELEMANLARI - GENEL BİLGİLER
Sabit Uzunlukta Kontrol Alanı 161122b tu 000 0
020 ## - ULUSLARARASI STANDART KİTAP NUMARASI
Uluslararası Standart Kitap Numarası 978605877804
035 ## - SİSTEM KONTROL NUMARASI
Sistem Kontrol Numarası 18572
040 ## - KATALOGLAMA KAYNAK
Orijinal Kataloglama Ajansı Milas
Kataloglama Dili tur
Metne Dönüştürmek Ajansı TR-AnCHP
041 ## - DİL KODU
Metin / Ses Parça Veya Ayrı Başlığın Dil Kodu tur
082 ## - DEWEY ONLU SINIFLANDIRMA NUMARASI
Sınıflandırma Numarası 352.9561
Ürün Numarası Ö53s 2011
090 ## - SINIFLAMA NUMARASI
Sınıflama Numarası 352.9561 Ö53s 2011
100 ## - ANA GİRİŞ - KİŞİSEL İSİM
Kişisel Ad Önen, Engin
245 ## - BAŞLIK TABLOSU
Başlık Kent, çere ve yerel yönetimler üzerine yazılar
Sorumluluk Tablosu, Vb Engin Önen
260 ## - YAYIN, DAĞITIM, VB
Yayın, Dağıtım, Vb Yeri İzmir
Yayın, Dağıtım, Vb Tarihi 2011
Üretici Firma Printer Ofset Matbaacılık
300 ## - FİZİKSEL TANIM
Kapsam 219 s.
Diğer Fiziksel Ayrıntıları tbl.
Boyutlar 21 sm.
650 ## - KONU KATMA GİRİŞ - TOPİKAL DÖNEM
Topikal Süreli Veya Coğrafi Ad Giriş Elemanı Yerel yönetimler
Coğrafi Alt Bölümü Türkiye
650 ## - KONU KATMA GİRİŞ - TOPİKAL DÖNEM
Topikal Süreli Veya Coğrafi Ad Giriş Elemanı Kentler
Coğrafi Alt Bölümü Türkiye
740 ## - KATMA GİRİŞ - KONTROLSUZ İLGİLİ / ANALİTİK BAŞLIK
Kontrol Edilmeyen / İlgili Analitik Başlıktaki Başka türlü bir şey benim istediğim
942 ## - EKLENDİ GİRİŞ ELEMANLARI (KOHA)
Sınıflandırma Veya Raf Düzeni Kaynak Dewey Decimal Classification
Koha Öğesi Türü Books
999 ## - SİSTEM KONTROL NUMARALARI (KOHA)
Koha Biblionumber 7464
Koha Biblioitemnumber 7464
Holdings
Kalıcı Konum Mevcut Konum Edinme Tarihi Edinim Kaynak Toplam Check-Out'Lar Tam Çağrı Numarası Barkod Tarih Son Görülme İtibaren Geçerli Fiyatlar Koha Öğesi Türü Kopya Sayısı
CHP Kütüphanesi CHP Kütüphanesi 11/22/2016 Bağış   352.9561 Ö53s 2011 009591 11/22/2016 11/22/2016 Books  
CHP Kütüphanesi CHP Kütüphanesi 11/22/2016 Bağış   352.9561 Ö53s 2011 009592 11/22/2016 11/22/2016 Books k.2